000 00611nam a2200241Ia 4500
003 OSt
005 20221005132015.0
006 a|||||r|||| 00| 0
007 ta
008 221004b |||||||| |||| 00| 0 urd d
024 _a8328
037 _cTextual
040 _aCRL
_cCRL
_burd
041 _2urd
_aurd
082 _aDelta73v2,N, 168N98
100 _aMohiuddin
_9640464
245 0 _aTaswuf aur Hindustani muashrah
260 _c1998
300 _a208p.
_ccm.
650 _aURDU LITERATURE
942 _hDelta73v2,N, 168N98
_cTEXL
_2cc
999 _c1062139
_d1062139